00764nam a2200181 i 450000100060000000300090000600500170001500700030003200800410003510000400007624501680011626000350028430000320031960000560035185200320040799900170043995201260045630478ES-MaACL20230906154212.0t|030124s1961 sp ||||1| spa d1 aBayerri y Bertomeu, Enrique.92665910aColón tal cual fué b: los problemas de la nacionalidad y de la personalidad de Colón y su resolución más justificada / cpor Enrique Bayerri y Bertomeu. aBarcelona : bPorter, c[1961] a802 p., 2 lám. ; c25 cm.14aColón, Cristóbal-xLugar de nacimiento.9164774 aES-MaACLjC-20482 bR.48669 c30478d30478 00104070aATENEOMbATENEOMcGaleríad2008-01-17eSCl0oC-20482p1031473r2023-02-23 00:00:00w2023-02-23yMONOGRAFIA